竹林七贤 Seven Sages in the Bamboo Grove - Statistics

General Stats
  • This quiz has been taken 43 times
  • The average score is 5 of 7
Answer Stats
简介 七贤 % Correct
诗人,主要作品有五言《咏怀诗》82首。 阮籍
97%
文学家、思想家、音乐家。崇尚老庄,著有《养生论》、《琴论》等。 嵇康
89%
名士、政治家,竹林七贤中最年长的一位。 山涛
79%
文学家,写作《思旧赋》、《庄子隐解》等。 向秀
76%
好饮酒,著《酒德颂》一篇。 刘伶
68%
音乐家,制作了以自身命名的乐器——“阮琴” 阮咸
66%
曾官至司徒,作有《华陵帖》。 王戎
53%
No matching quizzes found
Score Distribution
Percent of People with Each Score
Percentile by Number Answered
Your Score History
You have not taken this quiz